• 首页
  • 本馆介绍
  • 公告通知
  • 最新文献
  • 馆藏检索
  • 电子资源
  • 读者荐购
  • 参考咨询
  • CALIS
  • 我的图书馆
  • 登录
  • 详细信息显示
  • 放入我的书架
  • 预约/预借图书
  • 作者相关作品
  • 分类相关作品
  • 丛书相关作品
  • 出版社相关作品

书目信息

  • 表格格式
  • 工作单格式
  • 卡片格式
题名:
发现香严寺
    
 
作者: 王巍 , 李斌 , 贺一明 著
分册:  
出版信息: 成都   四川大学出版社  2025.02
页数: 249页
开本: 24cm
丛书名:
单 册:
中图分类: TU-098.3
科图分类:
主题词: 佛教--fo jiao--寺庙--建筑艺术--研究--淅川县
电子资源:
ISBN: 978-7-5690-7455-0
 
 
 
 
 
000 01374nam0 2200277 450
001 90246
005 20250815151833.75
010    @a978-7-5690-7455-0@dCNY99.00
100    @a20250327d2025 em y0chiy50 ea
101 0  @achi
102    @aCN@b510000
105    @aa z 000yy
106    @ar
200 1  @a发现香严寺@Afa xian xiang yan si@e南阳淅川香严寺建筑研究@f王巍, 李斌, 贺一明著
210    @a成都@c四川大学出版社@d2025.02
215    @a249页@c图@d24cm
314    @a王巍, 天津大学建筑学博士, 南阳理工学院建筑学院教师。主要从事建筑遗产保护理论及中国近代建筑保护史的研究。李斌, 清华大学建筑学院工程硕士, 南阳理工学院历史建筑保护工程专业教师, 副研究员。贺一明, 2016年毕业于昆明理工大学, 建筑学硕士。2017年9月至今, 任教于南阳理工学院建筑学院, 研究方向为建筑遗产保护与更新。
330    @a本书对香严寺的历史沿革、景观文化、建筑艺术、文物价值、保护和发展等方面进行了系统的挖掘、梳理、分析和阐释, 并辅以测绘图纸和细部照片, 展现香严寺的文物价值, 展示中原地区独具特色、南北交融的传统建筑文化, 为其保护利用和活态传承提供助力。
517 1  @a南阳淅川香严寺建筑研究@Anan yang xi chuan xiang yan si jian zhu yan jiu
606 0  @a佛教@Afo jiao@x寺庙@x建筑艺术@x研究@y淅川县
690    @aTU-098.3@v5
701  0 @a王巍@Awang wei@4著
701  0 @a李斌@Ali bin@4著
701  0 @a贺一明@Ahe yi ming@4著
801  0 @aCN@c20250909
905    @a河南城建学院图书馆@dTU-098.3@eW373@f1
    
    发现香严寺:南阳淅川香严寺建筑研究/王巍, 李斌, 贺一明著.-成都:四川大学出版社,2025.02
    249页:图;24cm
    
    
    ISBN 978-7-5690-7455-0:CNY99.00
    本书对香严寺的历史沿革、景观文化、建筑艺术、文物价值、保护和发展等方面进行了系统的挖掘、梳理、分析和阐释, 并辅以测绘图纸和细部照片, 展现香严寺的文物价值, 展示中原地区独具特色、南北交融的传统建筑文化, 为其保护利用和活态传承提供助力。
●
相关链接 在E读中查询图书 在当当中查询图书 在豆瓣中查询图书


正题名:发现香严寺     索取号:TU-098.3/W373         预约/预借

序号 登录号 条形码 馆藏地/架位号 状态 备注
1 1624208   216242082   建筑库101/101建筑库 9排2列3层/ [索取号:TU-098.3/W373] 在馆    
河南城建学院图书馆 欢迎您!
大连网信软件有限公司© 版权所有